Puma v kampani

Reklamná kampaň športovej obuvi značky Puma na novú technológiu výroby podošiev Cell. Využitie médií a aktivity Public Relations. Výhradný dovozca obuvi. Priebeh reklamy.

Gespeichert in:
Bibliographische Detailangaben
Format: Buchkapitel
Sprache:Slowakisch
Schlagworte:
Tags: Tag hinzufügen
Keine Tags, Fügen Sie das erste Tag hinzu!

MARC

LEADER 00000naa a2200000 4500
001 r026308
005 20230922094427.2
041 0 |a slo 
044 |a SK 
245 1 0 |a Puma v kampani 
520 |a Reklamná kampaň športovej obuvi značky Puma na novú technológiu výroby podošiev Cell. Využitie médií a aktivity Public Relations. Výhradný dovozca obuvi. Priebeh reklamy. 
610 2 0 |a kampane reklamné 
610 2 0 |a obuv 
610 2 0 |a šport 
610 2 0 |a Puma 
610 2 0 |a reklama 
610 2 0 |a médiá 
610 2 0 |a práca s verejnosťou